00519nam a2200133Ia 4500008004100000100001900041245009600060245009900156260004900255260000900304300001100313650001300324856004800337170221s9999 xx 000 0 und d aJohn Leaptrott aPerceived environmental change as a determinant of managerial information seeking behavior, cJohn Leaptrott, Georgia Southern University; J. Michael McDonald, Georgia Southern University. bJournal of Management and Marketing Research c2014 a12 : 1 xBusiness uhttp://www.aabri.com/manuscripts/142125.pdf